Fr. Conceicao Rodrigues College of Engineering

Lab Manual for Electronic Devices and circuits (Record no. 26255)

MARC details
000 -LEADER
fixed length control field 00304nam a2200133Ia 4500
082 ## - DEWEY DECIMAL CLASSIFICATION NUMBER
Classification number 621.3815
Item number BEL
100 ## - MAIN ENTRY--PERSONAL NAME
Personal name Bell / david A
245 ## - TITLE STATEMENT
Title Lab Manual for Electronic Devices and circuits
260 ## - PUBLICATION, DISTRIBUTION, ETC.
Name of publisher, distributor, etc. Prentice Hall
Date of publication, distribution, etc. 2003
300 ## - PHYSICAL DESCRIPTION
Extent 246
546 ## - LANGUAGE NOTE
Language note ENGLISH
654 ## - SUBJECT ADDED ENTRY--FACETED TOPICAL TERMS
Focus term manual
942 ## - ADDED ENTRY ELEMENTS (KOHA)
Koha item type BOOK
Holdings
Withdrawn status Lost status Damaged status Not for loan Collection Home library Current library Date acquired Total Checkouts Full call number Barcode Date last seen Price effective from Koha item type
        CRC Fr. Agnel's C.Rodrigues College of Engineering Fr. Agnel's C.Rodrigues College of Engineering 17/03/2023   621.3815 BEL 14184 17/03/2023 17/03/2023 BOOK